Country to Mountain Match Quiz Stats

 Plays Quiz Updated Nov 3, 2017

Also try: Mountain Countries
Challenge
Share
Tweet
Score 0/16 Timer 03:00
18 Plays Today
% Correct
Japan
96.2%
Greece
94.2%
Tanzania
93.5%
Venezuela
82.8%
Iceland
81.4%
Canada
78.8%
Mexico
78.1%
United States
75.3%
% Correct
Argentina
74.2%
South Africa
73.9%
United Kingdom
71.5%
China
63.2%
India
61.4%
Russia
58.4%
Pakistan
58.1%
Ethiopia
35.7%

You're not logged in!

Compare scores with friends on all Sporcle quizzes.
OR
Log In

You Might Also Like...

Show Comments

Extras

Top Quizzes Today


Score Distribution

Your Account Isn't Verified!

In order to create a playlist on Sporcle, you need to verify the email address you used during registration. Go to your Sporcle Settings to finish the process.

Report this User

Report this user for behavior that violates our Community Guidelines.

Details: